Movies Quiz

Random Movies or Clickable Quiz
Score 0/25 Timer 05:00
6 Plays Today
% Correct
Cast Away
88.2%
The Da Vinci Code
87.9%
Sleepless in Seattle
84.9%
The Polar Express
84.4%
Forrest Gump
81.4%
Turner & Hooch
76.8%
Punchline
70.3%
Apollo 13
69.4%
Saving Private Ryan
68.3%
A League of Their Own
67%
Dragnet
62.5%
Philadelphia
59.2%
Toy Story 2
51.5%
% Correct
Extremely Loud and Incredibly Close
50.5%
The Man with One Red Shoe
46.8%
Toy Story
45.6%
The Bonfire of the Vanities
45.4%
That Thing You Do!
42.3%
Splash
41.6%
The Lady Killers
38%
Toy Story 3
37.6%
Road to Perdition
37.4%
Big
34.3%
Nothing in Common
32.2%
He Knows You're Alone
22.7%
Remove Ads.
Support Sporcle.
Get the best of Sporcle when you Go Orange. This ad-free experience offers more features, more stats, and more fun while also helping to support Sporcle. Thank you for becoming a member.

You're not logged in!

Compare scores with friends on all Sporcle quizzes.
OR
Log In

Show Comments

Extras

Top Quizzes Today


Score Distribution

Your Account Isn't Verified!

In order to create a playlist on Sporcle, you need to verify the email address you used during registration. Go to your Sporcle Settings to finish the process.

Report this User

Report this user for behavior that violates our Community Guidelines.

Details: